000 01005nam a2200277 a 4500
001 000048849
005 20240412074307.0
008 190422s2016 dr ac 000 f spa d
020 _a9789945167559
040 _aDO-SdBNP
_bspa
_cBNPHU
082 _aRD863.44
_bP349g, 2016
100 1 _aPeña Fermín, Carlos Manuel,
_d1953-
_936272
245 1 3 _aEl guabay : "lugar de olvido" :
_bnovela historica /
_cCarlos Manuel Peña Fermín ; prólogo Anselmo Brito.
250 _a2a ed.
260 _aSanto Domingo :
_bBuho,
_c2016.
300 _a144 p. :
_bil., retrs. ;
_c22 cm.
490 1 _aEl guabay
500 _aIncluye datos biográficos del autor en las solapas
504 _aIncluye referencias bibliográficas y notas al pie de las páginas.
590 _aInventariado, 2019/LP
600 1 0 _aGómez, Máximo,
_d1836-1905
_912249
650 0 _aNovela histórica dominicana.
_9860
650 0 _aLiteratura dominicana.
_967
700 1 _aBrito, Anselmo,
_epról.
_936274
830 0 _aEl guabay
_943520
999 _c48337
_d48337